Pay it forward (Record no. 100565)
[ view plain ]
| 000 -LEADER | |
|---|---|
| fixed length control field | 02253cgm a2200445 a 4500 |
| 001 - CONTROL NUMBER | |
| control field | vtls003100529 |
| 003 - CONTROL NUMBER IDENTIFIER | |
| control field | MY-SjTCS |
| 005 - DATE AND TIME OF LATEST TRANSACTION | |
| control field | 20200226112858.0 |
| 008 - FIXED-LENGTH DATA ELEMENTS--GENERAL INFORMATION | |
| fixed length control field | 110218r20012000cau124 s00 v|eng d |
| 020 ## - INTERNATIONAL STANDARD BOOK NUMBER | |
| International Standard Book Number | 0790756803 |
| 039 #9 - LEVEL OF BIBLIOGRAPHIC CONTROL AND CODING DETAIL [OBSOLETE] | |
| Level of rules in bibliographic description | 201102181814 |
| Level of effort used to assign nonsubject heading access points | VLOAD |
| Level of effort used to assign subject headings | 200811241851 |
| Level of effort used to assign classification | VLOAD |
| Level of effort used to assign subject headings | 200802121047 |
| Level of effort used to assign classification | pushpa |
| Level of effort used to assign subject headings | 200801311636 |
| Level of effort used to assign classification | prema |
| -- | 200801311550 |
| -- | zatul |
| 082 04 - DEWEY DECIMAL CLASSIFICATION NUMBER | |
| Classification number | 791.4372 |
| Item number | PAY |
| 245 00 - TITLE STATEMENT | |
| Title | Pay it forward |
| Medium | [videorecording] / |
| Statement of responsibility, etc. | Warner Bros. Pictures presents in association with Bel-Air Entertainment a Tapestry Film production ; screenplay by Leslie Dixon ; produced by Steven Reuther, Peter Abrams and Robert L. Levy ; directed by Mimi Leder |
| 260 ## - PUBLICATION, DISTRIBUTION, ETC. | |
| Place of publication, distribution, etc. | Burbank, CA : |
| Name of publisher, distributor, etc. | Warner Home Video, |
| Date of publication, distribution, etc. | 2001. |
| 300 ## - PHYSICAL DESCRIPTION | |
| Extent | 1 videodisc (124 min.) : |
| Other physical details | sd., col. ; |
| Dimensions | 4 3/4 in. |
| 500 ## - GENERAL NOTE | |
| General note | Based on the novel by Catherine Ryan Hyde |
| 500 ## - GENERAL NOTE | |
| General note | Original released as a motion picture in 2000 |
| 500 ## - GENERAL NOTE | |
| General note | Based on the novel by Catherine Ryan Hyde. |
| 508 ## - CREATION/PRODUCTION CREDITS NOTE | |
| Creation/production credits note | Credits: music by, Thomas Newman ; film editor, David Rosenbloom ; director of photography, Oliver Stapleton. |
| 511 1# - PARTICIPANT OR PERFORMER NOTE | |
| Participant or performer note | Casts: Kevin Spacey, Helen Hunt, Haley Joel Osment, Jay Mohr, Jamese Caviezel, Jon Bon Jovi, Angie Dickinson. |
| 520 ## - SUMMARY, ETC. | |
| Summary, etc. | Just imagine. You do a favor that really helps someone and tell him/her not to pay it back, but to pay it forward to three other people who, in turn, each pay it forward to three more outpouring of kindness and decency. Impossible? When a young man starts "pay it forward" for a social studies project, unusual things happen in this bittersweet and uplifting tale. |
| 538 ## - SYSTEM DETAILS NOTE | |
| System details note | DVD |
| 546 ## - LANGUAGE NOTE | |
| Language note | Subtitles in English, mandarin, Cantonese, Thai and Korean |
| 650 #0 - SUBJECT ADDED ENTRY--TOPICAL TERM | |
| Topical term or geographic name entry element | Kindness |
| Form subdivision | Drama |
| 650 #0 - SUBJECT ADDED ENTRY--TOPICAL TERM | |
| Topical term or geographic name entry element | Feature films |
| 9 (RLIN) | 28544 |
| 700 1# - ADDED ENTRY--PERSONAL NAME | |
| Personal name | Hyde, Catherine Ryan. |
| 9 (RLIN) | 28616 |
| 700 1# - ADDED ENTRY--PERSONAL NAME | |
| Personal name | Spacey, Kevin. |
| 700 1# - ADDED ENTRY--PERSONAL NAME | |
| Personal name | Hunt, Helen, |
| Dates associated with a name | 1963- |
| 9 (RLIN) | 21205 |
| 700 1# - ADDED ENTRY--PERSONAL NAME | |
| Personal name | Osment, Haley Joel, |
| Dates associated with a name | 1988- |
| 9 (RLIN) | 28617 |
| 700 1# - ADDED ENTRY--PERSONAL NAME | |
| Personal name | Leder, Mimi, |
| Dates associated with a name | 1952- |
| 700 1# - ADDED ENTRY--PERSONAL NAME | |
| Personal name | Reuther, Steven. |
| 700 1# - ADDED ENTRY--PERSONAL NAME | |
| Personal name | Levy, Robert L. |
| 700 1# - ADDED ENTRY--PERSONAL NAME | |
| Personal name | Abrams, Peter. |
| 700 1# - ADDED ENTRY--PERSONAL NAME | |
| Personal name | Dixon, Leslie. |
| 710 2# - ADDED ENTRY--CORPORATE NAME | |
| Corporate name or jurisdiction name as entry element | Warner Bros. Pictures. |
| 710 2# - ADDED ENTRY--CORPORATE NAME | |
| Corporate name or jurisdiction name as entry element | Bel-Air Entertainment. |
| 710 2# - ADDED ENTRY--CORPORATE NAME | |
| Corporate name or jurisdiction name as entry element | Warner Home Video (Firm) |
| 9 (RLIN) | 13225 |
| 710 2# - ADDED ENTRY--CORPORATE NAME | |
| Corporate name or jurisdiction name as entry element | Tapestry Films. |
| 920 ## - Programme | |
| Programme | MCS: DVD200015 |
| Withdrawn status | Lost status | Source of classification or shelving scheme | Damaged status | Not for loan | Home library | Current library | Date acquired | Total Checkouts | Barcode | Date last seen | Date last checked out | Copy number | Koha item type | Public note |
|---|---|---|---|---|---|---|---|---|---|---|---|---|---|---|
| Dewey Decimal Classification | Taylor's Library-TU | Taylor's Library-TU | 31/01/2008 | 15 | 1001008545 | 05/12/2019 | 20/01/2012 | 1 | Media Resources | SOMAC,09030,02,GR |